| 000 | 00364nam a2200145Ia 4500 | ||
|---|---|---|---|
| 008 | 230917s9999||||xx |||||||||||||| ||und|| | ||
| 040 |
_e53248 _aMAIN |
||
| 041 | _aEnglish | ||
| 082 | _aB N315G:J | ||
| 100 | _aGopal, Sarvepalli | ||
| 245 | 0 | _aJawaharlal Nehru: A biography, 2V | |
| 260 |
_aDelhi _bOxford University Press _c1995 |
||
| 300 | _av. p. | ||
| 942 | _cBK | ||
| 999 |
_c67016 _d67016 |
||